Un nuevo concepto de comunicación organizacional /

Sábháilte in:
Sonraí bibleagrafaíochta
Príomhchruthaitheoir: García-Bedoy Padilla, Ana María (autor)
Rannpháirtithe: Martínez Gil y García de Alba, María de Lourdes (autor) (autor)
Formáid: Tráchtas LEABHAR
Teanga:Spáinnis
Foilsithe / Cruthaithe: Guadalajara, México : edición de autor, 1994
Ábhair:
Clibeanna: Cuir clib leis
Níl clibeanna ann, Bí ar an gcéad duine le clib a chur leis an taifead seo!

MARC

LEADER 00000nam^a2200000^a^4500
001 000045491
005 20250521000000.0
009 20260310085939.869
037 |a Acervo ITESO - Biblioteca 
041 |a ESP 
090 |a CCO. 57 
100 |a García-Bedoy Padilla, Ana María  |e (autor) 
245 1 3 |a Un nuevo concepto de comunicación organizacional /  |c A.M. García-Bedoy Padilla, M.L. Martínez Gil y García de Alba. 
264 1 |a Guadalajara, México :  |b edición de autor,  |c 1994 
300 |a 190 p. 
336 |a texto  |b txt  |2 rdacontenido 
337 |a sin mediación  |b n  |2 rdamedio 
338 |a volumen  |b nc  |2 rdasoporte 
502 |a ITESO Tesis de Licenciatura en Ciencias de la Comunicación 
649 |a XX 
650 |a Liderazgo 
650 |a Cultura Organizacional 
650 |a Comunicación Institucional 
650 |a Comunicación Organizacional -  |x Tema Principal 
650 |a Administración 
650 |a Ciencias Administrativas 
700 |a Martínez Gil y García de Alba, María de Lourdes  |e (autor) 
910 |a Fondo General 
920 |a Impresos - Tesis del ITESO 
930 |a Colección General 
905 |a 104 
901 |a T022500100  |b IT2  |c TSS  |i 802250  |u 20250521 
902 |a https://opac.biblio.iteso.mx/vufind/Record/000045491